| 000 | 00570nam a2200241Ia 4500 | ||
|---|---|---|---|
| 005 | 20250425160712.0 | ||
| 008 | 250425s9999 xx 000 0 und d | ||
| 020 | _a9586004872 | ||
| 041 | _aspa | ||
| 043 | _ack | ||
| 082 | _a005.8 | ||
| 100 | _aTIZNADO SANTANA, MARCO ANTONIO | ||
| 245 | 0 | _aWINDOWS 95 | |
| 250 | _a1A ED. | ||
| 260 | _aBOGOTA | ||
| 260 |
_aColombia _bMCGRAW-HILL INTERAMERICANA _c1995 |
||
| 300 | _a216 | ||
| 650 | _aPROGRAMAS INFORMATICOS | ||
| 650 | _aSISTEMAS OPERATIVOS | ||
| 650 | _aWINDOWS 95 | ||
| 942 | _c01 | ||
| 010 | _a2899 | ||
| 999 |
_c194447 _d194447 |
||